Data Science: využitie metód strojového učenia na prediktívnu analýzu podnikových dát záverečná správa z riešenia projektu I-18-107-00
Uložené v:
| Hlavný autor: | |
|---|---|
| Ďalší autori: | , , , |
| Médium: | Kniha |
| Jazyk: | Slovak |
| Vydavateľské údaje: |
Bratislava
2019
|
| Predmet: | |
| Tagy: |
Žiadne tagy, Buďte prvý, kto otaguje tento záznam!
|
MARC
| LEADER | 00000nam a2200000 4500 | ||
|---|---|---|---|
| 001 | 0256287 | ||
| 005 | 20240521093215.0 | ||
| 041 | 0 | |a slo | |
| 044 | |a SK | ||
| 245 | 1 | 0 | |a Data Science: využitie metód strojového učenia na prediktívnu analýzu podnikových dát |b záverečná správa z riešenia projektu I-18-107-00 |c vedúci projektu: Matúš Mihalovič; zodpovedný riešiteľ v zastúpení: Roman Lacko; spoluriešitelia: František Hurný, Anna Rozkošová, Oliver Rafaj |
| 264 | 1 | |a Bratislava |c 2019 | |
| 300 | |a 13 s. | ||
| 610 | 2 | 0 | |a procesy podnikové |
| 610 | 2 | 0 | |a efektívnosť |
| 610 | 2 | 0 | |a analýza dát |
| 610 | 2 | 0 | |a sektory hospodárske |
| 100 | 1 | |a Mihalovič, Matúš | |
| 700 | 1 | |a Lacko, Roman, 1988- | |
| 700 | 1 | |a Hurný, František | |
| 700 | 1 | |a Rozkošová, Anna | |
| 700 | 1 | |a Rafaj, Oliver, 1989- | |